Chemische Elemente, die nach Orten benannt sind - Statistiken

Allgemein
  • Dieses Quiz wurde 197 mal gespielt
  • Das Durchschnittsergebnis liegt bei 9 aus 20
Antwortstatistiken
Hint Ort Element % Korrekt
Am dichtesten besiedelter Kontinent Europa Europium
80%
"Das Land der Dichter und Denker" Deutschland Germanium
80%
Ein Staat im Westen der USA Kalifornien Californium
75%
Großstadt im Süden Hessens Darmstadt Darmstadtium
73%
"Die neue Welt" Amerikas Americium
71%
Heimatland von Marie Curie Polen Polonium
68%
Das größte Land in Südasien Indien Indium
65%
Die Hauptstadt von Russland Moskau Moscovium
65%
Der Fluss Köln, Düsseldorf, Rotterdam, Basel ... Rhein Rhenium
58%
Nördlicher Bereich in Europa Skandinavien Scandium
56%
Die Hauptstadt von Frankreich in Latein Paris (lat. Lutetia) Lutetium
42%
Kalifornische Universitätsstadt Berkeley Berkelium
34%
"Das Land der aufgehenden Sonne" Japan (Nihon) Nihonium
29%
"Das Sechseck" Frankreich Francium
24%
Die Hauptstadt von Schweden in Latein Stockholm (lat.Holmia) Holmium
22%
Das größte Land in Latein Russland (lat.Ruthenia) Ruthenium
22%
"Das Sechseck" in Latein Frankreich (Gaul) Gallium
18%
Asiatisches Land in der EU Zypern Kupfer
17%
Ein Staat im Südosten der USA Tennessee Tennessine
16%
Die Hauptstadt Dänemarks in Latein Kopenhagen (lat. Hafnia) Hafnium
14%
Keine übereinstimmenden Quizze gefunden
Verteilung der Resultate
Anzahl Personen mit jedem Resultat
Perzentil nach korrekt beantworteten Fragen
Ihre Resultats-Entwicklung
Sie haben dieses Quiz noch nicht gespielt